000
00268nam a22001217a 4500
008
170810b xxu||||| |||| 00| 0 eng d
041
_a
eng
080
_a
004
100
_a
35
101
_a
SHK
245
_a
COMPUTER AIDED SYSTEMS THEORY
_c
QUESADA,A
942
_2
udc
_c
BK
999
_c
23190
_d
23190